ARRUPE JESUIT UNIVERSITY

CORONAVIRUS -STOP THE SPREAD - CLEAN,DISINFECT,COVER

Christian mystics : (Record no. 126755)

MARC details
000 -LEADER
fixed length control field 01082cam a22002774a 4500
001 - CONTROL NUMBER
control field 12377653
003 - CONTROL NUMBER IDENTIFIER
control field ARRUPE
005 - DATE AND TIME OF LATEST TRANSACTION
control field 20170824102313.0
008 - FIXED-LENGTH DATA ELEMENTS--GENERAL INFORMATION
fixed length control field 010412r20011998njua b 001 0ceng
010 ## - LIBRARY OF CONGRESS CONTROL NUMBER
LC control number 2001024691
020 ## - INTERNATIONAL STANDARD BOOK NUMBER
International Standard Book Number 1587680122 (alk. paper)
040 ## - CATALOGING SOURCE
Original cataloging agency DLC
Transcribing agency DLC
Modifying agency DLC
042 ## - AUTHENTICATION CODE
Authentication code pcc
050 00 - LIBRARY OF CONGRESS CALL NUMBER
Classification number BV5095.A1
Item number K45 2001
082 00 - DEWEY DECIMAL CLASSIFICATION NUMBER
Classification number 248.2/2/09
Edition number 21
300 ## - PHYSICAL DESCRIPTION
Other physical details ill. ;
Dimensions 22 cm.
100 1# - MAIN ENTRY--PERSONAL NAME
Personal name King, Ursula.
9 (RLIN) 29358
245 10 - TITLE STATEMENT
Title Christian mystics :
Remainder of title their lives and legacies throughout the ages /
Statement of responsibility, etc Ursula King.
260 ## - PUBLICATION, DISTRIBUTION, ETC. (IMPRINT)
Place of publication, distribution, etc New York. :
Name of publisher, distributor, etc HiddenSpring,
Date of publication, distribution, etc c2001.
300 ## - PHYSICAL DESCRIPTION
Extent v, 270 p. :
500 ## - GENERAL NOTE
General note Originally published: New York : Simon & Schuster, c1998.
504 ## - BIBLIOGRAPHY, ETC. NOTE
Bibliography, etc Includes bibliographical references (p. 253-256) and index.
650 #0 - SUBJECT ADDED ENTRY--TOPICAL TERM
Topical term or geographic name as entry element Mystics
Form subdivision Biography.
9 (RLIN) 35178
650 #0 - SUBJECT ADDED ENTRY--TOPICAL TERM
Topical term or geographic name as entry element Mysticism
General subdivision History.
9 (RLIN) 35179
650 #0 - SUBJECT ADDED ENTRY--TOPICAL TERM
Topical term or geographic name as entry element Christian saints
Form subdivision Biography.
9 (RLIN) 35180
906 ## - LOCAL DATA ELEMENT F, LDF (RLIN)
a 7
b cbc
c orignew
d 1
e ocip
f 20
g y-gencatlg
942 ## - ADDED ENTRY ELEMENTS (KOHA)
Source of classification or shelving scheme Library of Congress Classification
Koha item type Monograph ( Printed materials)
Holdings
Withdrawn status Lost status Source of classification or shelving scheme Damaged status Not for loan Collection code Home library Current library Shelving location Date acquired Total Checkouts Full call number Barcode Date last seen Date checked out Price effective from Koha item type
    Library of Congress Classification     Main Collection ARRUPE LIBRARY ARRUPE LIBRARY Main Collection 24/08/2017 1 BV5095.A1 K45 2001 46500023501 05/05/2025 01/04/2019 24/08/2017 Monograph ( Printed materials)

 

Arrupe Library. PO Box MP320 Mt Pleasant, Harare, Zimbabwe
263 242 745411|librarian@aju.ac.zw